000 00715nam a2200253Ia 4500
001 Para_533
003 CHAP
008 220125s1964 xx 000 0 und d
010 _a199288
040 _cCHAP
090 _aPA FOLLETO 3316
100 _aMunroe, Eugene
_979515
245 _aSome neotropical genera resembling epicorsia hubner (Lepidoptera :
_b Pyralidae) /
_c
260 _aOttawa, Canada :
_b Entomological Society of Canada
300 _a75 p.
650 _aLepidopteros
_966252
901 _aPA FOLLETO 3316
902 _aA
905 _a0000001964 a 0000000000 00
910 _a1964
942 _cPARA
942 _cPARA
_d1
999 _c199288
_d199288